| 000 | 01163nam a2200337 i 4500 | ||
|---|---|---|---|
| 001 | 192631 | ||
| 003 | SpMaBN | ||
| 005 | 20240528062746.0 | ||
| 007 | ta | ||
| 008 | 230516s2019 sp | |||| 000 p spa | ||
| 017 |
_aM 10640-2019 _bOficina Depósito Legal Madrid |
||
| 020 | _a9788409101283 | ||
| 035 | _a(OCoLC)1129318127 | ||
| 040 |
_aSpMaBN _bspa _cES-MaACL _erda |
||
| 080 | _a821.134.2-14"19" | ||
| 100 | 1 |
_aCastañón, Francisco J., _d1961- _eaut _9153534 |
|
| 245 | 1 | 0 |
_aEquipaje sin lastre / _cFrancisco J. Castañón |
| 264 | 1 |
_a[Madrid] : _bSociedad Española de Estudios Humanísticos, _c[2019] |
|
| 300 |
_a160 páginas ; _c21 cm |
||
| 336 |
_aTexto _2rdacontent |
||
| 337 |
_asin mediación _2rdamedia |
||
| 338 |
_avolumen _2rdacarrier |
||
| 500 | _aÍndice | ||
| 500 | _aColabora: Asociación Cultural Colectivo Rousseau | ||
| 655 | 7 |
_aPoesías _2tgfbne _9176539 |
|
| 852 |
_aES-MaACL _bR. 153284 _cDEPOJ _gDedicatoria autógrafa del autor _hDonación: Francisco J. Castañón _9199925 |
||
| 903 |
_aCastañón, Francisco J., _d1961- _ednr _9153534 |
||
| 942 |
_cMONOGRAFIA _n0 |
||
| 999 |
_c192631 _d192631 |
||